The nuclear peninsula

Saved in:
Bibliographic Details
Main Author: Zonabend, Francoise
Other Authors: Underwood, J. I. (Translator)
Format: Book
Language:English
French
Published: Cambridge : Cambridge University Press, 1989.
Subjects:
Tags: Add Tag
No Tags, Be the first to tag this record!

MARC

LEADER 00000cam a2200000 i 4500
001 1/64180
008 930929s1989 enk| ||| |||| ||eng||
020 |a 0521413214 
035 |a ΛΕΣΒΟΣb10001342  |l 10001342 
040 |a GR-MyUA  |b gre  |e AACR2 
041 1 |a eng  |h fre 
082 0 |a 333.924094421 
100 1 |a Zonabend, Francoise. 
245 1 4 |a The nuclear peninsula /   |c Françoise Zonabend.  
260 |a Cambridge :   |b Cambridge University Press,   |c 1989.  
300 |a 135 σ.  
500 |a Language: Tr. fr. French JA Underwood 
500 |a Τίτλος πρωτοτύπου: La presqu'île au nucléraire.  
504 |a Περιέχει ευρετήριο.  
650 0 0 |a Nuclear industry  |z France  |z La Hague, Cape. 
650 0 0 |a Nuclear industry  |z France  |z La Hague, Cape  |x Employees. 
700 1 |a Underwood, J. I.  |e trl 
852 |a INST  |b LESVOS  |e 19930929  |h 333.7924094421 ZON  |p 005100004060  |q 005100004060  |t BK  |y 0 
852 |a INST  |b LESVOS  |e 20000417  |h 333.7924094421 ZON  |p 005100024211  |q 005100024211  |t BK  |y 0 
909 |a Λ  |b 077080 
909 |a Λ  |b 028662 
922 |a 1ΕΛΗ  |b 200003  |c ΚΠΣ/ΤΓ  |d LEADER 
950 |a 118-1999-09-20